| Tag |
First Indicator |
Second Indicator |
Subfields |
| LEADER |
00000cam a2200000 a 4500 |
| 001 |
in00000538513 |
| 005 |
20151013164038.0 |
| 008 |
840823s1983 ii a b 00100 eng d |
| 035 |
|
|
|a (OCoLC)11083500
|
| 035 |
|
|
|9 ACG8756AM
|
| 040 |
|
|
|a IAL
|c IAL
|d TXA
|d UtOrBLW
|
| 043 |
|
|
|a a-ii---
|
| 049 |
|
|
|a TXAM
|c [444976]
|
| 090 |
|
|
|a BL2001
|b .R4 1983
|
| 245 |
0 |
0 |
|a Religions of India :
|b Hinduism, Jainism, Buddhism, Sikhism, Zoroastrianism, Christianity, Islam, Judaism /
|c foreword by Karan Singh.
|
| 264 |
|
1 |
|a New Delhi [India] :
|b Clarion Books,
|c [1983]
|
| 264 |
|
4 |
|c ©1983
|
| 300 |
|
|
|a 308 pages :
|b illustrations ;
|c 29 cm.
|
| 336 |
|
|
|a text
|b txt
|2 rdacontent
|
| 337 |
|
|
|a unmediated
|b n
|2 rdamedia
|
| 338 |
|
|
|a volume
|b nc
|2 rdacarrier
|
| 490 |
1 |
|
|a India Library
|
| 504 |
|
|
|a Includes bibliographical references and index.
|
| 651 |
|
0 |
|a India
|x Religion.
|
| 700 |
0 |
|
|a Karan Singh,
|c Sadr-i-Riyasat of Jammu and Kashmir,
|d 1931-
|
| 830 |
|
0 |
|a India library.
|
| 999 |
|
|
|a MARS
|
| 999 |
f |
f |
|s 5d8e9823-ce4e-338b-8385-9632dfb628bd
|i 2ddf4e9e-b9ce-3db7-83ae-7ca179e3239a
|t 0
|
| 952 |
f |
f |
|p normal
|a Texas A&M University
|b College Station
|c Sterling C. Evans Library
|d Evans: Library Stacks
|t 0
|e BL2001 .R4 1983
|h Library of Congress classification
|i unmediated -- volume
|m A14808731301
|
| 998 |
f |
f |
|a BL2001 .R4 1983
|t 0
|l Evans: Library Stacks
|